000 00486nam a2200169Ia 4500
008 100122s9999 xx 000 0 und d
082 _b76373
_a821
100 _aपवन करण
245 _aस्त्री माझ्या आत
250 _a1
260 _c2009
300 _a99
630 _aस्त्री माझ्या आत
700 _aजेऊरकर बलवंत
730 _aस्त्री माझ्या आत
942 _cBOOK
999 _c392905
_d392902